Soil management (Record no. 9517)

000 -LEADER
fixed length control field 00223nam a22001217a 4500
040 ## - CATALOGING SOURCE
Transcribing agency SY
082 ## - DEWEY DECIMAL CLASSIFICATION NUMBER
Classification number 631
100 ## - MAIN ENTRY--AUTHOR NAME
Personal name D.B.DAVIES
245 ## - TITLE STATEMENT
Title Soil management
260 ## - PUBLICATION, DISTRIBUTION, ETC. (IMPRINT)
Place of publication RUA
Name of publisher DAV
Year of publication 1993
300 ## - PHYSICAL DESCRIPTION
Number of Pages 280p.
942 ## - ADDED ENTRY ELEMENTS (KOHA)
Koha item type សៀវភៅភាសាអង់គ្លេស
952 ## - LOCATION AND ITEM INFORMATION (KOHA)
Withdrawn status [LOCAL, KOHA] 0
952 ## - LOCATION AND ITEM INFORMATION (KOHA)
Withdrawn status [LOCAL, KOHA] 0
952 ## - LOCATION AND ITEM INFORMATION (KOHA)
Withdrawn status [LOCAL, KOHA] 0
Holdings
Permanent Location Date acquired Koha item type Lost status Shelving location Barcode Current Location Full call number
Library Block C2016-09-02សៀវភៅភាសាអង់គ្លេស C255RUA061488Library Block C631 DAV 1993 C255
Library Block C2016-09-02សៀវភៅភាសាអង់គ្លេស C256RUA062469Library Block C631 DAV 1993 C256
Library Block C2016-09-14សៀវភៅភាសាអង់គ្លេស C235A02940Library Block C631 DAV 1993 C235
មជ្ឈមណ្ឌលឯការនៃសាកលវិទ្យាល័យភូមិន្ទកសិកម្មចំការដូង

Powered by Koha